Al-Nabuwwat-Wa-Al Khilafat (Record no. 2264)

MARC details
000 -LEADER
fixed length control field 00566nam a2200241 a 4500
020 ## - INTERNATIONAL STANDARD BOOK NUMBER
ISBN
082 00 - DEWEY DECIMAL CLASSIFICATION NUMBER
Classification number 297.24
Author Cutter HAI1
100 ## - MAIN ENTRY--AUTHOR NAME
Author name Haidari, L A
245 ## - TITLE STATEMENT
Title Al-Nabuwwat-Wa-Al Khilafat
260 ## - PUBLICATION, DISTRIBUTION, ETC. (IMPRINT)
Place of publication Lucknow
Name of publisher Darul Tasneef
Year of publication 1934
300 ## - PHYSICAL DESCRIPTION
Number of Pages 43p
500 ## - GENERAL NOTE
General note includes index and biblioraphy
505 2# - FORMATTED CONTENTS NOTE
Formatted contents note reference
650 ## - SUBJECT ADDED ENTRY--TOPICAL TERM
Topical Term Islam-Prophecy
942 ## - ADDED ENTRY ELEMENTS (KOHA)
Koha item type Books
700 1# -
-- Haidari, L A
Holdings
Home library Current library Date acquired Cost, normal purchase price Full call number Accession Number Koha item type
Henry Martyn Institute Library Henry Martyn Institute Library 07/18/2007 100.00 297.24 HAI1 1216 Archive Book
                   Copyright © 2026 | Henry Martyn Institute | Hyderabad | TS-500052 | INDIA | Implemented by hmi.edu.in
Hit-Count:

Powered by Koha